[Event "Bengaluru Namma op 2nd"]
[Site "Bengaluru"]
[Date "2025.04.13"]
[Round "5"]
[White "Srihari, Lakshmi"]
[Black "Murugan, Krishnamoorthy"]
[Result "1-0"]
[WhiteElo "2377"]
[BlackElo "2147"]
[PlyCount "55"]
[EventDate "2025.04.10"]
[EventType "swiss"]
[EventRounds "10"]
[EventCountry "IND"]
[SourceTitle "CB18_2025"]
[SourceDate "2025.04.30"]
[SourceVersion "1"]
[SourceVersionDate "2025.04.30"]
[SourceQuality "1"]

1. e4 c5 2. Nf3 Nc6 3. Bb5 e6 4. Bxc6 bxc6 5. d3 d5 6. b3 Nf6 7. Nbd2 Be7 8. Bb2 0-0 9. Qe2 Nd7 10. 0-0-0 a5 11. a4 Re8 12. h4 Bf8 13. e5 c4 14. dxc4 Nc5 15. Ng5 Qe7 16. Rh3 h6 17. Ngf3 Ba6 18. g4 Rab8 19. Nd4 Rb6 20. g5 Reb8 21. gxh6 g6 22. h5 Nxa4 23. hxg6 fxg6 24. Rg1 Nxb2 25. Rxg6+ Kh7 26. Rg7+ Bxg7 27. hxg7+ Kxg7 28. Qg4+ 1-0

[Event "Tamil Nadu IM 15th"]
[Site "Chennai"]
[Date "2024.01.27"]
[Round "7"]
[White "Murugan, Krishnamoorthy"]
[Black "Buscara, Sevan"]
[Result "0-1"]
[WhiteElo "2238"]
[BlackElo "2359"]
[PlyCount "76"]
[EventDate "2024.01.23"]
[EventType "tourn"]
[EventRounds "9"]
[EventCountry "IND"]
[EventCategory "1"]
[SourceTitle "CBM 218 Extra"]
[Source "ChessBase"]
[SourceDate "2024.03.31"]
[SourceVersion "1"]
[SourceVersionDate "2024.03.31"]
[SourceQuality "1"]

1. d4 d5 2. Nf3 Nf6 3. Bf4 c5 4. e3 e6 5. c3 Bd6 6. Bg3 Qc7 7. Nbd2 Nbd7 8. Bd3 0-0 9. e4 dxe4 10. Nxe4 Nxe4 11. Bxe4 Nf6 12. Bc2 b6 13. dxc5 Bxg3 14. hxg3 Ba6 15. Qd6 Qxc5 16. Qxc5 bxc5 17. Ne5 Rfd8 18. Rd1 g6 19. g4 Rxd1+ 20. Kxd1 Rd8+ 21. Kc1 Rd5 22. Re1 Kg7 23. f3 h6 24. Ba4 Rd8 25. c4 h5 26. gxh5 Nxh5 27. Bc2 Nf4 28. g3 Nh5 29. g4 Nf4 30. b3 Bb7 31. g5 Nh3 32. Nd3 Bxf3 33. Re5 Rd4 34. Rxc5 Be4 35. Nb4 Bf5 36. Ra5 Nxg5 37. Rxa7 Nf3 38. Bxf5 exf5 0-1

[Event "Tamil Nadu IM 15th"]
[Site "Chennai"]
[Date "2024.01.25"]
[Round "4"]
[White "Murugan, Krishnamoorthy"]
[Black "Nihal, Swarna"]
[Result "0-1"]
[WhiteElo "2238"]
[BlackElo "2131"]
[PlyCount "92"]
[EventDate "2024.01.23"]
[EventType "tourn"]
[EventRounds "9"]
[EventCountry "IND"]
[EventCategory "1"]
[SourceTitle "CBM 218 Extra"]
[Source "ChessBase"]
[SourceDate "2024.03.31"]
[SourceVersion "1"]
[SourceVersionDate "2024.03.31"]
[SourceQuality "1"]

1. d4 Nf6 2. Nf3 d5 3. c4 e6 4. Nc3 dxc4 5. e3 a6 6. Bxc4 b5 7. Bd3 Bb7 8. Qe2 Nbd7 9. 0-0 c5 10. Rd1 cxd4 11. exd4 Be7 12. Bg5 Nd5 13. Bd2 0-0 14. Ne4 Nb4 15. Bxb4 Bxb4 16. a3 Be7 17. Nc5 Bd5 18. Rac1 Bd6 19. Be4 Nf6 20. Bxd5 Nxd5 21. g3 Qe7 22. Ne5 Bxe5 23. dxe5 h6 24. Ne4 Rad8 25. Rc6 Qd7 26. Rd6 Qa7 27. Nf6+ gxf6 28. R1xd5 exd5 29. Qg4+ Kh7 30. Qf5+ Kg8 31. Qg4+ Kh7 32. Rxf6 Rg8 33. Qf4 Rg6 34. Rxf7+ Qxf7 35. Qxf7+ Rg7 36. Qf5+ Kg8 37. Qf6 Rdd7 38. e6 Rd6 39. Qe5 Rd8 40. f4 d4 41. f5 d3 42. e7 Re8 43. Qd5+ Rf7 44. f6 d2 45. Qxd2 Rxf6 46. Qd5+ Kg7 0-1

[Event "Tamil Nadu IM 15th"]
[Site "Chennai"]
[Date "2024.01.25"]
[Round "5"]
[White "Sitnikov, Anton"]
[Black "Murugan, Krishnamoorthy"]
[Result "1-0"]
[WhiteElo "2356"]
[BlackElo "2238"]
[PlyCount "39"]
[EventDate "2024.01.23"]
[EventType "tourn"]
[EventRounds "9"]
[EventCountry "IND"]
[EventCategory "1"]
[SourceTitle "CBM 218 Extra"]
[Source "ChessBase"]
[SourceDate "2024.03.31"]
[SourceVersion "1"]
[SourceVersionDate "2024.03.31"]
[SourceQuality "1"]

1. e4 c5 2. Nc3 Nc6 3. Nge2 Nf6 4. g3 d5 5. exd5 Nxd5 6. Bg2 Nxc3 7. bxc3 e5 8. 0-0 Be7 9. Rb1 Qc7 10. d3 Be6 11. f4 Rd8 12. a3 f6 13. fxe5 fxe5 14. c4 Bxc4 15. Nc3 Be6 16. Be3 Rd7 17. Nb5 Qa5 18. Bxc6 bxc6 19. Qh5+ Kd8 20. Qxe5 1-0

[Event "Tamil Nadu IM 3rd"]
[Site "Chennai"]
[Date "2023.11.04"]
[Round "9"]
[White "Murugan, Krishnamoorthy"]
[Black "Gochelashvili, David"]
[Result "1/2-1/2"]
[WhiteElo "2271"]
[BlackElo "2304"]
[PlyCount "60"]
[EventDate "2023.10.30"]
[EventType "tourn"]
[EventRounds "9"]
[EventCountry "IND"]
[SourceTitle "CBM 217 Extra"]
[Source "ChessBase"]
[SourceDate "2024.01.31"]
[SourceVersion "1"]
[SourceVersionDate "2024.01.31"]
[SourceQuality "1"]

1. Nf3 Nf6 2. g3 g6 3. Bg2 Bg7 4. 0-0 0-0 5. c4 d6 6. Nc3 Nc6 7. d4 a6 8. h3 Rb8 9. Be3 Bf5 10. Rc1 Ne4 11. Nxe4 Bxe4 12. Qd2 e5 13. dxe5 dxe5 14. Bc5 Bxf3 15. Qxd8 Rfxd8 16. Bxf3 Nd4 17. Bxd4 Rxd4 18. Rfd1 Rbd8 19. Rxd4 Rxd4 20. e3 Rd2 21. Bxb7 Rxb2 22. Bxa6 Rxa2 23. Bb7 Rb2 24. Bd5 Rb4 25. Rd1 c6 26. Bxc6 Rxc4 27. Bd5 Rc7 28. Kg2 Bf8 29. Rb1 Kg7 30. Rb7 Rxb7 1/2-1/2

[Event "Tamil Nadu IM 3rd"]
[Site "Chennai"]
[Date "2023.11.03"]
[Round "7"]
[White "Murugan, Krishnamoorthy"]
[Black "Abdyzhapar, Asylbek"]
[Result "1/2-1/2"]
[WhiteElo "2271"]
[BlackElo "2326"]
[PlyCount "86"]
[EventDate "2023.10.30"]
[EventType "tourn"]
[EventRounds "9"]
[EventCountry "IND"]
[SourceTitle "CBM 217 Extra"]
[Source "ChessBase"]
[SourceDate "2024.01.31"]
[SourceVersion "1"]
[SourceVersionDate "2024.01.31"]
[SourceQuality "1"]

1. c4 Nf6 2. Nc3 c5 3. g3 e6 4. Nf3 b6 5. Bg2 Bb7 6. d4 cxd4 7. Qxd4 Be7 8. 0-0 d6 9. b3 a6 10. Bb2 0-0 11. Rfd1 Nbd7 12. Ng5 Bxg2 13. Kxg2 Qc7 14. Nge4 Rfd8 15. Nxf6+ Nxf6 16. Qd3 Rab8 17. Rac1 b5 18. Ne4 Qb7 19. Bxf6 Bxf6 20. Qf3 Be7 21. Nd2 Qb6 22. cxb5 axb5 23. b4 d5 24. a3 Ra8 25. Nb1 Rac8 26. Qd3 h6 27. Nd2 Qa6 28. Rxc8 Rxc8 29. Nb1 Qa4 30. Rd2 Bf6 31. e4 dxe4 32. Qxe4 Rc4 33. Qf3 Rc1 34. Qe4 Rc4 35. Qf3 Bd4 36. Rd3 e5 37. Nd2 Rc2 38. Ne4 Qa7 39. g4 Qa6 40. h4 Qc6 41. h5 Rc1 42. Ng3 Qe6 43. Qa8+ Rc8 1/2-1/2

[Event "Tamil Nadu IM 3rd"]
[Site "Chennai"]
[Date "2023.10.30"]
[Round "1"]
[White "Ziatdinov, Raset"]
[Black "Murugan, Krishnamoorthy"]
[Result "1-0"]
[WhiteElo "2077"]
[BlackElo "2271"]
[PlyCount "96"]
[EventDate "2023.10.30"]
[EventType "tourn"]
[EventRounds "9"]
[EventCountry "IND"]
[SourceTitle "CBM 217 Extra"]
[Source "ChessBase"]
[SourceDate "2024.01.31"]
[SourceVersion "1"]
[SourceVersionDate "2024.01.31"]
[SourceQuality "1"]

1. e4 c5 2. Nf3 d6 3. d4 cxd4 4. Nxd4 Nf6 5. Nc3 Nc6 6. Bg5 e6 7. Qd2 Be7 8. 0-0-0 0-0 9. h4 Nxd4 10. Qxd4 Qa5 11. Be2 Rd8 12. Rd3 h6 13. Bd2 Qc5 14. Qxc5 dxc5 15. e5 Nd5 16. Ne4 Bd7 17. Rg3 Kh8 18. Bg5 Bc6 19. Bxe7 Nxe7 20. Nxc5 Ng6 21. Nxe6 Rdc8 22. Nd4 Nxe5 23. Nxc6 Rxc6 24. Re3 f6 25. Rd1 Rac8 26. c3 g5 27. hxg5 hxg5 28. g3 R8c7 29. f4 Nf7 30. Rd5 Kg7 31. Bh5 gxf4 32. gxf4 Rc4 33. Rf5 R4c5 34. Rxc5 Rxc5 35. Bf3 Rc7 36. Bd5 Nd6 37. Kc2 Nf5 38. Re8 Ne7 39. Be6 f5 40. Kd3 Kf6 41. Bb3 Rc8 42. Rxc8 Nxc8 43. Bd5 b6 44. a4 Ne7 45. Bc4 Ng6 46. Ke3 Ke7 47. b4 Kd6 48. Bf7 Nh4 1-0

[Event "Tamil Nadu IM 2nd"]
[Site "Chennai"]
[Date "2023.10.24"]
[Round "4"]
[White "Allahverdiyeva, Ayan"]
[Black "Murugan, Krishnamoorthy"]
[Result "1-0"]
[WhiteElo "2198"]
[BlackElo "2355"]
[PlyCount "83"]
[EventDate "2023.10.23"]
[EventType "tourn"]
[EventRounds "9"]
[EventCountry "IND"]
[SourceTitle "CBM 216 Extra"]
[Source "ChessBase"]
[SourceDate "2023.11.30"]
[SourceVersion "1"]
[SourceVersionDate "2023.11.30"]
[SourceQuality "1"]

1. e4 c5 2. Nf3 e6 3. d4 cxd4 4. Nxd4 Nf6 5. Nc3 d6 6. g4 h6 7. Rg1 Nc6 8. Be3 a6 9. h3 Qc7 10. Qe2 Bd7 11. h4 h5 12. g5 Ng4 13. 0-0-0 Nxe3 14. Qxe3 g6 15. Nd5 exd5 16. Qc3 Rc8 17. Ne6 Bxe6 18. Qxh8 Ne5 19. c3 dxe4 20. Rg3 Bxa2 21. Bh3 Be6 22. Bxe6 fxe6 23. Re3 Nc4 24. Rxe4 e5 25. Rd3 Qb6 26. Re2 Qc7 27. b3 Nb6 28. f4 Qf7 29. fxe5 Qf1+ 30. Kd2 Qf4+ 31. Kc2 Qf1 32. Rdd2 Qf5+ 33. Kb2 Qf7 34. exd6+ Kd7 35. Rf2 Qe8 36. Rf6 Rxc3 37. Qh7+ Kd8 38. Kxc3 Qe3+ 39. Kc2 Qe4+ 40. Kb2 Qe5+ 41. Ka2 Qa5+ 42. Kb1 1-0

[Event "Tamil Nadu IM 1st"]
[Site "Chennai"]
[Date "2023.10.17"]
[Round "3"]
[White "Murugan, Krishnamoorthy"]
[Black "Harshad, S."]
[Result "1-0"]
[WhiteElo "2355"]
[BlackElo "2177"]
[PlyCount "137"]
[EventDate "2023.10.16"]
[EventType "tourn"]
[EventRounds "9"]
[EventCountry "IND"]
[SourceTitle "CBM 216 Extra"]
[Source "ChessBase"]
[SourceDate "2023.11.30"]
[SourceVersion "1"]
[SourceVersionDate "2023.11.30"]
[SourceQuality "1"]

1. d4 f5 2. c4 e6 3. g3 Nf6 4. Bg2 Be7 5. Nf3 Ne4 6. 0-0 d5 7. Nc3 c6 8. Ne5 Nd7 9. cxd5 exd5 10. Nxd7 Bxd7 11. Bf4 0-0 12. Nxe4 fxe4 13. Be5 Bf6 14. Bxf6 Qxf6 15. Qd2 Rae8 16. Rac1 g5 17. Rc3 Qg6 18. f3 exf3 19. exf3 h6 20. Rcc1 Kg7 21. a3 Bf5 22. Qb4 Bc8 23. Rfe1 Rxe1+ 24. Rxe1 Re8 25. Re7+ Rxe7 26. Qxe7+ Qf7 27. Qe5+ Kh7 28. Kf2 Bf5 29. h3 Bg6 30. Bf1 a6 31. Be2 Bb1 32. b4 Bc2 33. Ke3 Bg6 34. a4 Qd7 35. a5 Qf7 36. f4 gxf4+ 37. gxf4 Qf5 38. Qxf5 Bxf5 39. Bf1 Kg6 40. Kf3 Kf6 41. Kg3 Be4 42. Be2 Bf5 43. Bh5 Kg7 44. Kh4 Kf6 45. Be2 Kg7 46. Kg3 Kg6 47. Bg4 Kf6 48. Kf2 Kg6 49. Kg2 h5 50. Be2 Bb1 51. Kg3 Be4 52. f5+ Bxf5 53. h4 Bb1 54. Kf4 Bc2 55. Ke5 Bb1 56. Kd6 Ba2 57. Bd3+ Kf6 58. Kc7 Bc4 59. Bc2 Ke6 60. Kxb7 Bb5 61. Bg6 Kf6 62. Bxh5 Kf5 63. Kb6 Kf4 64. Bg6 Kg4 65. h5 Kg5 66. Kc5 Kh6 67. Be8 Bf1 68. Bxc6 Kxh5 69. b5 1-0

[Event "Chennai WinTV op 1st"]
[Site "Chennai"]
[Date "2004.01.28"]
[Round "9"]
[White "Murali Krishnan, BT."]
[Black "Murugan, Krishnamoorthy"]
[Result "1-0"]
[WhiteElo "2319"]
[BlackElo "2390"]
[PlyCount "153"]
[EventDate "2004.01.21"]
[EventType "swiss"]
[EventRounds "13"]
[EventCountry "IND"]
[SourceTitle "CBM 098 Extra"]
[Source "ChessBase"]
[SourceDate "2004.03.10"]
[SourceVersion "2"]
[SourceVersionDate "2004.03.10"]
[SourceQuality "1"]

1. d4 d5 2. c4 e6 3. Nc3 Nf6 4. Bg5 Nbd7 5. e3 Be7 6. Nf3 0-0 7. Rc1 c6 8. Bd3 dxc4 9. Bxc4 Nd5 10. Bxe7 Qxe7 11. 0-0 Nxc3 12. Rxc3 e5 13. Qc2 e4 14. Nd2 Nb6 15. Bb3 Bg4 16. Rc5 Nd7 17. Rc3 Be2 18. Rc1 Bd3 19. Qd1 Nf6 20. Rc5 Nd7 21. R5c3 Kh8 22. Bc4 Bxc4 23. Nxc4 Nf6 24. Qb3 Nd5 25. Qa3 Rfe8 26. Rb3 Qxa3 27. bxa3 Re7 28. Nd6 Nb6 29. a4 Rd8 30. Nxb7 Rxb7 31. a5 c5 32. axb6 cxd4 33. exd4 g6 34. Kf1 axb6 35. Rb4 Rbd7 36. Rd1 b5 37. Ke2 Ra7 38. Rd2 Rda8 39. Rbb2 Kg7 40. Ke3 f5 41. d5 Ra4 42. d6 Kf6 43. d7 Ra3+ 44. Ke2 Ke7 45. Rxb5 Rd3 46. Rxd3 exd3+ 47. Kxd3 Kxd7 48. Rb2 Kc6 49. Kc4 Ra4+ 50. Kb3 Kb5 51. a3 h5 52. Re2 Rg4 53. f3 Rg5 54. Kc3 Kc5 55. h4 Rg3 56. Kd3 Kd5 57. Ke3 g5 58. hxg5 Ke5 59. Rb2 f4+ 60. Kf2 h4 61. Rb5+ Ke6 62. g6 Kf6 63. Rh5 Rxg6 64. Rxh4 Kf5 65. Rh5+ Ke6 66. Rb5 Rg8 67. a4 Rc8 68. Rb2 Ra8 69. Rb4 Ke5 70. Rb5+ Ke6 71. a5 Rc8 72. Rb2 Ra8 73. Ra2 Ra6 74. Ke2 Kf5 75. Kd3 Kg5 76. Kc4 Kh4 77. Kb5 1-0

[Event "Chennai WinTV op 1st"]
[Site "Chennai"]
[Date "2004.01.27"]
[Round "7"]
[White "Harika, Dronavalli"]
[Black "Murugan, Krishnamoorthy"]
[Result "1/2-1/2"]
[WhiteElo "2329"]
[BlackElo "2390"]
[PlyCount "74"]
[EventDate "2004.01.21"]
[EventType "swiss"]
[EventRounds "13"]
[EventCountry "IND"]
[SourceTitle "CBM 098 Extra"]
[Source "ChessBase"]
[SourceDate "2004.03.10"]
[SourceVersion "2"]
[SourceVersionDate "2004.03.10"]
[SourceQuality "1"]

1. Nf3 d5 2. d4 Nf6 3. c4 e6 4. Nc3 Nbd7 5. Bg5 Bb4 6. cxd5 exd5 7. Qc2 c5 8. dxc5 Nxc5 9. a3 Bxc3+ 10. Qxc3 Nce4 11. Bxf6 Qxf6 12. Qxf6 Nxf6 13. Nd4 Bd7 14. e3 Ke7 15. Bd3 Rac8 16. f3 Ne8 17. Kf2 g6 18. Rad1 Nd6 19. Rd2 Rhd8 20. Ne2 Bc6 21. Nc3 Ne4+ 22. Bxe4 dxe4 23. Rhd1 exf3 24. Rxd8 Rxd8 25. Rxd8 Kxd8 26. gxf3 Ke7 27. e4 g5 28. Ke3 f5 29. exf5 Kf6 30. b4 a6 31. a4 Kxf5 32. b5 axb5 33. axb5 Bd7 34. Ne4 h6 35. Nd6+ Ke6 36. Nxb7 Bxb5 37. f4 gxf4+ 1/2-1/2

[Event "IND-ch"]
[Site "New Delhi"]
[Date "2001.06.03"]
[Round "3"]
[White "Murugan, Krishnamoorthy"]
[Black "Neelotpal, Das"]
[Result "1-0"]
[WhiteElo "2390"]
[BlackElo "2423"]
[PlyCount "75"]
[EventDate "2001.06.02"]
[EventType "swiss"]
[EventRounds "18"]
[EventCountry "IND"]
[EventCategory "7"]
[SourceTitle "CBM 082 Extra"]
[Source "ChessBase"]
[SourceDate "2001.07.03"]
[SourceVersion "1"]
[SourceVersionDate "2001.07.03"]
[SourceQuality "1"]

1. d4 e6 2. c4 d5 3. Nc3 c6 4. e3 Nf6 5. Nf3 Nbd7 6. Qc2 Bd6 7. Be2 0-0 8. 0-0 dxc4 9. Bxc4 Qe7 10. h3 e5 11. b3 b5 12. Bd3 Bb7 13. Bb2 Rfe8 14. Ne4 Nxe4 15. Bxe4 g6 16. dxe5 Nxe5 17. Nxe5 Bxe5 18. Bxe5 Qxe5 19. Bf3 Rad8 20. Rad1 Kg7 21. b4 Rxd1 22. Rxd1 Re6 23. Qd2 Re7 24. Rc1 Re6 25. Rc5 Qf6 26. Qc2 Rd6 27. Kh2 Qe7 28. g3 Qd7 29. Bg4 Qd8 30. Kg2 Bc8 31. Bxc8 Qxc8 32. Rxb5 Qd7 33. Qc3+ Rf6 34. Rc5 h5 35. e4 Qe7 36. Qd4 Kh7 37. Ra5 Rd6 38. Rxa7 1-0

[Event "IND-ch"]
[Site "New Delhi"]
[Date "2001.06.02"]
[Round "1"]
[White "Murugan, Krishnamoorthy"]
[Black "Konguvel, Ponnuswamy"]
[Result "1/2-1/2"]
[WhiteElo "2390"]
[BlackElo "2383"]
[PlyCount "89"]
[EventDate "2001.06.02"]
[EventType "swiss"]
[EventRounds "18"]
[EventCountry "IND"]
[EventCategory "7"]
[SourceTitle "CBM 082 Extra"]
[Source "ChessBase"]
[SourceDate "2001.07.03"]
[SourceVersion "1"]
[SourceVersionDate "2001.07.03"]
[SourceQuality "1"]

1. Nf3 Nf6 2. c4 g6 3. Nc3 Bg7 4. e4 e5 5. Nxe5 Nxe4 6. Nxe4 Bxe5 7. d4 Bg7 8. Nc3 0-0 9. Be3 Re8 10. Be2 d6 11. Qd2 c6 12. 0-0 Nd7 13. Rfe1 Nf6 14. Bg5 Bf5 15. g4 Bd7 16. Qf4 h6 17. Bxh6 Bxh6 18. Qxh6 Nxg4 19. Bxg4 Bxg4 20. Rxe8+ Qxe8 21. Qf4 Bf5 22. Qxd6 Rd8 23. Qf4 b5 24. cxb5 cxb5 25. d5 Qe7 26. Rd1 Bc2 27. d6 Qe6 28. Rd4 f5 29. Qd2 b4 30. Rxb4 Qxd6 31. Qxd6 Rxd6 32. Rb8+ Kf7 33. Rb7+ Ke6 34. Rxa7 Rb6 35. b3 Rc6 36. Ne2 Rd6 37. f3 g5 38. Rc7 Bd1 39. Nc3 Bxf3 40. Kf2 g4 41. Ke3 Ke5 42. Rc5+ Kf6 43. Kf4 Rd4+ 44. Ke3 Rd8 45. Kf4 1/2-1/2

[Event "IND-ch"]
[Site "New Delhi"]
[Date "2001.06.02"]
[Round "18"]
[White "Murugan, Krishnamoorthy"]
[Black "Mishra, Neeraj Kumar"]
[Result "1/2-1/2"]
[WhiteElo "2390"]
[BlackElo "2321"]
[PlyCount "24"]
[EventDate "2001.06.02"]
[EventType "swiss"]
[EventRounds "18"]
[EventCountry "IND"]
[EventCategory "7"]
[SourceTitle "CBM 082 Extra"]
[Source "ChessBase"]
[SourceDate "2001.07.03"]
[SourceVersion "1"]
[SourceVersionDate "2001.07.03"]
[SourceQuality "1"]

1. Nf3 Nf6 2. d4 e6 3. c4 b6 4. g3 Ba6 5. b3 Bb4+ 6. Bd2 Be7 7. Bg2 c6 8. Bc3 d5 9. Ne5 Nfd7 10. Nd3 dxc4 11. Nb4 Qc8 12. Nxa6 Qxa6 1/2-1/2

[Event "Goodricke op 12th"]
[Site "Kolkata"]
[Date "2001.02.14"]
[Round "9"]
[White "Girinath, PDS"]
[Black "Murugan, Krishnamoorthy"]
[Result "1/2-1/2"]
[WhiteElo "2319"]
[BlackElo "2390"]
[PlyCount "55"]
[EventDate "2001.02.06"]
[EventType "swiss"]
[EventRounds "11"]
[EventCountry "IND"]
[SourceTitle "CBM 082"]
[Source "ChessBase"]
[SourceDate "2001.05.17"]
[SourceVersion "1"]
[SourceVersionDate "2001.05.17"]
[SourceQuality "1"]

1. e4 c5 2. Nf3 Nc6 3. d4 cxd4 4. Nxd4 Nf6 5. Nc3 d6 6. Be2 e6 7. 0-0 Be7 8. Be3 Bd7 9. f4 Nxd4 10. Qxd4 Bc6 11. Rad1 0-0 12. f5 exf5 13. exf5 Qc7 14. Kh1 a6 15. Bf4 Rad8 16. Bf3 Rfe8 17. Qd3 h6 18. Rd2 Bf8 19. Rfd1 Qb6 20. b3 Rc8 21. Nd5 Bxd5 22. Bxd5 Nxd5 23. Qxd5 Rc3 24. h3 Qb4 25. Bxd6 Bxd6 26. Qxd6 Qxd6 27. Rxd6 Rxc2 28. R1d2 1/2-1/2

[Event "Goodricke op 12th"]
[Site "Kolkata"]
[Date "2001.02.12"]
[Round "7"]
[White "Dhar Barua, Saheli"]
[Black "Murugan, Krishnamoorthy"]
[Result "1/2-1/2"]
[WhiteElo "2224"]
[BlackElo "2390"]
[PlyCount "47"]
[EventDate "2001.02.06"]
[EventType "swiss"]
[EventRounds "11"]
[EventCountry "IND"]
[SourceTitle "CBM 082"]
[Source "ChessBase"]
[SourceDate "2001.05.17"]
[SourceVersion "1"]
[SourceVersionDate "2001.05.17"]
[SourceQuality "1"]

1. e4 c5 2. Nf3 Nc6 3. d4 cxd4 4. Nxd4 Nf6 5. Nc3 d6 6. Be2 e6 7. 0-0 Bd7 8. Ndb5 Qb8 9. Bf4 Ne5 10. Bg5 a6 11. Bxf6 gxf6 12. Nd4 Qa7 13. Kh1 Rc8 14. f4 Nc4 15. Bxc4 Rxc4 16. Nb3 h5 17. Qd3 Rc8 18. Rad1 b5 19. e5 f5 20. exd6 Rc6 21. Qe2 Rxd6 22. Qe5 Rxd1 23. Rxd1 Rg8 24. Nd5 1/2-1/2